| 000 | 00660cam a2200229 i 4500 | ||
|---|---|---|---|
| 001 | 4645836 | ||
| 003 | OSt | ||
| 005 | 20250901165748.0 | ||
| 008 | 791011s1980 nyub 000 1 eng | ||
| 010 | _a 79023242 | ||
| 020 | _a0689110251 | ||
| 040 |
_aDLC _cDLC _dDLC |
||
| 050 | 0 | 0 |
_aPZ 4 .H4687 Tq 1980 _bTq 1980 _aPS3558.E458 |
| 082 | 0 | 0 | _a813/.5/4 |
| 100 | 1 |
_aHarris, MacDonald, _d1921-1993. |
|
| 245 | 1 | 4 |
_aThe treasure of Sainte Foy / _cMacDonald Harris [i.e. D.W. Heiney]. |
| 250 | _a1st ed. | ||
| 260 |
_aNew York : _bAtheneum, _c1980. |
||
| 300 |
_a242 p. : _bmap ; _c24 cm. |
||
| 906 |
_a7 _bcbc _corignew _d1 _eocip _f19 _gy-gencatlg |
||
| 942 |
_2lcc _cBK |
||
| 999 |
_c8911 _d8911 |
||